• 首页
  • 本馆介绍
  • 公告通知
  • 最新文献
  • 馆藏检索
  • 电子资源
  • 读者导购
  • 参考咨询
  • 我的图书馆
  • 登录
  • 详细信息显示
  • 放入我的书架
  • 预约/预借图书
  • 作者相关作品
  • 分类相关作品
  • 丛书相关作品
  • 出版社相关作品

书目信息

  • 表格格式
  • 工作单格式
  • 卡片格式
题名:
西方经济学
    
 
作者: 刘天祥 主编
分册:  
出版信息: 长沙   中南大学出版社  2013
页数: 324页
开本: 26cm
丛书名: 高等院校经济、管理类专业“十一五”规划教材
单 册:
中图分类: F0-08
科图分类:
主题词: 西方经济学--Xi Fang Jing Ji Xue--高等学校--教材 , 宏观经济学--Hong Guan Jing Ji Xue--高等学校--教材
电子资源:
ISBN: 978-7-5487-0908-4
000 01311nam0 22003251 450
001 349827
005 20161009083607.40
010    @a978-7-5487-0908-4@dCNY36.00
100    @a20131105d2013 em y0chiy50 ea
101 1  @achi
102    @aCN@b430000
105    @aak aj 000yy
106    @ar
200 1  @a西方经济学@AXi Fang Jing Ji Xue@dEconomics@e宏观部分@f刘天祥主编@zeng
205    @a第4版
210    @a长沙@c中南大学出版社@d2013
215    @a324页@c图@d26cm
225 2  @a高等院校经济、管理类专业“十一五”规划教材@AGao Deng Yuan Jiao Jing Ji Guan Li Lei Zhuan Ye Shi Yi Wu Gui Hua Jiao Cai
300    @a湖南省普通高等院校省级精品课程教材
320    @a有书目 (第322页)
330    @a本书共十章, 包括: 宏观经济学概述、国民收入核算理论与方法、短期国民收入决定理论 (AD-Y模型: IS-LM模型: AD-AS模型: IS-LM-BP模型)、宏观经济政策、失业与通货膨胀、经济增长与经济周期理论、当代宏观经济学的新发展。
461  0 @12001 @a高等院校经济、管理类专业“十一五”规划教材
510 1  @aEconomics@zeng
517 1  @a宏观部分@AHong Guan Bu Fen
606 0  @a西方经济学@AXi Fang Jing Ji Xue@x高等学校@j教材
606 0  @a宏观经济学@AHong Guan Jing Ji Xue@x高等学校@j教材
690    @aF0-08@v5
701  0 @a刘天祥@ALiu Tian Xiang@4主编
801  0 @aCN@bTANGWEI@20160802
905    @b0886960-4@dF0-08@e486=4@f5
    
    西方经济学=Economics:宏观部分/刘天祥主编.-第4版.-长沙:中南大学出版社,2013
    324页:图;26cm.-(高等院校经济、管理类专业“十一五”规划教材)
    湖南省普通高等院校省级精品课程教材
    
    ISBN 978-7-5487-0908-4:CNY36.00
    本书共十章, 包括: 宏观经济学概述、国民收入核算理论与方法、短期国民收入决定理论 (AD-Y模型: IS-LM模型: AD-AS模型: IS-LM-BP模型)、宏观经济政策、失业与通货膨胀、经济增长与经济周期理论、当代宏观经济学的新发展。
●
相关链接 在E读中查询图书 在五车中查询图书 在当当中查询图书 在豆瓣中查询图书


正题名:西方经济学     索取号:F0-08/486=4         预约/预借

序号 登录号 条形码 馆藏地/架位号 状态 备注
1 0886960   208869606   第一样本阅览室/ [索取号:F0-08/486=4] 在馆    
2 0886961   208869615   第一借阅区/ [索取号:F0-08/486=4] 在馆    
3 0886962   208869624   第一借阅区/ [索取号:F0-08/486=4] 在馆    
4 0886963   208869633   第一借阅区/ [索取号:F0-08/486=4] 在馆    
5 0886964   208869642   密集书库-海洋学院/ [索取号:F0-08/486=4] 在馆    
唐山师范学院图书馆 欢迎您!
大连网信软件有限公司© 版权所有